000 00557nam a2200133 a 4500
008 120416s1995 ||||||||||||||||| || u
050 _aTHESIS/STUDENT
100 _aNgwata, John
245 1 0 _aAppraisal of open spaces in Urban spatial development in Zambia
246 _aa comparative study
260 _aKitwe
_bCopper University, School of Built Environment, Department of Land Economy
_c1995
350 _a0.00
995 _D0.00
_FCBU-MAIN LIBRARY (Kitwe)
_H1
_I0.00
_UAVAILABLE
_ZUniversity Collection
999 _c34632
_d34632